Dinosaurs - Name Meanings - Statistics

General Stats
  • This quiz has been taken 1,601 times
  • The average score is 8 of 13
Answer Stats
Hint Answer % Correct
Tyrant Lizard Tyrannosaurus Rex
97%
Three-Horned Face Triceratops
94%
Spiny Lizard Spinosaurus
77%
Iguana Tooth Iguanodon
73%
Alberta Lizard Albertosaurus
72%
Roofed Lizard Stegosaurus
64%
Meat Bull Carnotaurus
63%
Two-Crested Lizard Dilophosaurus
59%
Arm Lizard Brachiosaurus
54%
Other Lizard Allosaurus
51%
Horned Lizard Ceratosaurus
43%
Double Beam Diplodocus
43%
Giant Southern Lizard Giganotosaurus
42%
No matching quizzes found
Score Distribution
Percent of People with Each Score
Percentile by Number Answered
Your Score History
You have not taken this quiz